000 00822nam a2200253 i 4500
001 37119
003 ES-MaACL
005 20230906155515.0
007 t|
008 030220s1987 sp |||| | spa d
080 _a821.131.1-96"15"
100 1 _aBruno, Giordano.
_932197
245 1 0 _aExpulsión de la bestia triunfante
_b; De los heroicos furores /
_cGiordano Bruno ; introducción, traducción y notas, Ignacio Gómez de Liaño.
246 3 0 _aDe los heroicos furores
260 _aMadrid :
_bAlfaguara,
_c1987.
300 _aC, 528 p. ;
_c20 cm.
490 1 _aClásicos Alfaguara ;
_v35
500 _aÍndice.
504 _aBibliografía: p. XCVII-C.
700 1 _aGómez de Liaño, Ignacio.
_957908
830 0 _aClásicos Alfaguara ;
_v35
_9178833
852 _aES-MaACL
_jG-9419
999 _c37119
_d37119